000 00441cam a2200193ua 4500
001 8642
005 20260515114347.0
008 150210n xxk |||gr||||Z||||||eng
040 _cMAIN
041 _aeng
082 _a823N
100 _aFitzgerald, F. S.,
_eAuthor.
245 1 _aGreat gatsby
_cBy F. S. Fitzgerald
250 _a1st.
260 _aLondon:
_bPenguin,
_c1963.
300 _a186p.
653 _aEnglish fiction
942 _cBK
999 _c7734
_d7734